000 00649nam a2200241Ia 4500
003 OSt
005 20220918221144.0
006 a|||||r|||| 00| 0
007 ta
008 220917b |||||||| |||| 00| 0 eng d
024 _a148,518
037 _cTextual
040 _aARTS
_cARTS
_beng
041 _2eng
_aeng
082 _aS9, L8
100 _aPiaget Jean
_977790
245 0 _aBehavior and evolution tr by Donald Nicholson-Smith
260 _aNew York
_bPantheon Books
_c1978
300 _axxvi,165p. illus
_ccm.
650 _aANIMAL BEHAVIOUR
_929214
942 _hS9, L8
_cTEXL
_2CC
999 _c271195
_d271195